Youth in India / (Record no. 135587)
[ view plain ]
| 000 -LEADER | |
|---|---|
| fixed length control field | 00559nam a22002177a 4500 |
| 005 - DATE AND TIME OF LATEST TRANSACTION | |
| control field | 20170124110247.0 |
| 010 ## - LIBRARY OF CONGRESS CONTROL NUMBER | |
| LC control number | 223149 |
| 020 ## - INTERNATIONAL STANDARD BOOK NUMBER | |
| Terms of availability | 00.00 |
| 035 ## - SYSTEM CONTROL NUMBER | |
| System control number | 223149 |
| 037 ## - SOURCE OF ACQUISITION | |
| Source of stock number/acquisition | Cen Lib/Ret |
| 040 ## - CATALOGING SOURCE | |
| Original cataloging agency | DPL |
| Language of cataloging | EN |
| 082 ## - DEWEY DECIMAL CLASSIFICATION NUMBER | |
| Classification number | 136.73 |
| Item number | WOR |
| 110 ## - MAIN ENTRY--CORPORATE NAME | |
| Subordinate unit | World Assembley of Youth |
| 9 (RLIN) | 97751 |
| 245 ## - TITLE STATEMENT | |
| Title | Youth in India / |
| 260 ## - PUBLICATION, DISTRIBUTION, ETC. (IMPRINT) | |
| Place of publication, distribution, etc | [s.l.] |
| Name of publisher, distributor, etc | [s.n.] |
| 270 ## - ADDRESS | |
| City | [s.l.] |
| 300 ## - PHYSICAL DESCRIPTION | |
| Extent | xiv, 303p. |
| Dimensions | 21cm(Hb) |
| 650 ## - SUBJECT ADDED ENTRY--TOPICAL TERM | |
| Topical term or geographic name as entry element | Growing youth revels -- India |
| 9 (RLIN) | 97752 |
| 650 ## - SUBJECT ADDED ENTRY--TOPICAL TERM | |
| Topical term or geographic name as entry element | Youth -- India |
| 9 (RLIN) | 18469 |
| 942 ## - ADDED ENTRY ELEMENTS (KOHA) | |
| Source of classification or shelving scheme | Dewey Decimal Classification |
| Koha item type | English Books |
| Classification part | 136.73 |
| Call number suffix | WOR |
| Withdrawn status | Lost status | Damaged status | Not for loan | Home library | Current library | Date acquired | Source of acquisition | Cost, normal purchase price | Total Checkouts | Full call number | Barcode | Date last seen | Copy number | Cost, replacement price | Price effective from | Koha item type |
|---|---|---|---|---|---|---|---|---|---|---|---|---|---|---|---|---|
| Central Library | Central Library | 07/10/2015 | Cen Lib/Ret | 0.00 | 136.73 WOR | 223149 | 07/10/2015 | 1 | 0.00 | 07/10/2015 | English Books |
